000 00850nam0a22002531 4500
001 rc\2725136
005 20250806210117.0
035 _a(NLR Aleph) 006852650
090 _a6520
_c6520
100 _a20110915d1943 u y0rusy50 ca
101 0 _arus
102 _aRU
105 _ay z |||||
200 1 _aКак вырастить семена овощей
_fИ. М. Озолина, науч. сотрудник Челяб. опыт. плодоовощ. станции
210 _a[Челябинск]
_cЧелябгиз
_d1943
215 _a28 с.
_d15 см.
700 1 _aОзолина
_bИ.М.
_gИрина Марковна
801 0 _aRU
_bNLR
_gpsbo
801 1 _aRU
_bELAR
_2rusmarc
852 _aNLR
_jС40 Г-2/172
942 _cBOOK
945 _aРоссийская национальная библиотека
980 _aNB
980 _aBV